Pháp luật viễn thông Việt Nam trong bối cảnh hội nhập kinh tế quốc tế /

Đã lưu trong:
書目詳細資料
主要作者: Phan Thảo Nguyên, TS.
格式: Bài viết
語言:Vietnamese
主題:
標簽: 添加標簽
沒有標簽, 成為第一個標記此記錄!
Thư viện lưu trữ: Thư viện Trường Đại học Đà Lạt
LEADER 00872nam a2200277 4500
001 DLU090071339
005 ##20090518
040 # # |a DLU  |b vie 
041 # # |a vie 
044 # # |a vn 
100 # # |a Phan Thảo Nguyên,   |c TS. 
245 # # |a Pháp luật viễn thông Việt Nam trong bối cảnh hội nhập kinh tế quốc tế /  |c Phan Thảo Nguyên. 
653 # # |a Hội nhập kinh tế quốc tế 
653 # # |a Mạng viễn thông 
653 # # |a Pháp luật viễn thông 
653 # # |a Viễn thông 
773 # # |t Nhà nước và pháp luật  |g Số 1(225), 2007, tr. 31-35 
920 # # |a Phòng Tạp chí -- Trung tâm Thông tin - Thư viện Trường Đại học Đà Lạt 
994 # # |a DLU 
900 # # |a True 
911 # # |a Nguyễn Thị Hồng Lê 
925 # # |a G 
926 # # |a A 
927 # # |a BB 
980 # # |a Thư viện Trường Đại học Đà Lạt